Guru Nanak and the Sikh religion : (Record no. 52231)

MARC details
000 -LEADER
fixed length control field 00594nam a2200205Ia 4500
005 - DATE AND TIME OF LATEST TRANSACTION
control field 20260429112057.0
008 - FIXED-LENGTH DATA ELEMENTS--GENERAL INFORMATION
fixed length control field 260429s9999||||xx |||||||||||||| ||und||
020 ## - INTERNATIONAL STANDARD BOOK NUMBER
International Standard Book Number 9788126941865
041 ## - LANGUAGE CODE
Language English
082 ## - DEWEY DECIMAL CLASSIFICATION NUMBER
Classification number 294.5530
Item number SIN
100 ## - MAIN ENTRY--PERSONAL NAME
Personal name Singh Virk, Hardev
245 #0 - TITLE STATEMENT
Title Guru Nanak and the Sikh religion :
Remainder of title an anthology of critical essays /
Statement of responsibility, etc Hardev Singh Virk
250 ## - EDITION STATEMENT
Edition statement 1st ed.
260 ## - PUBLICATION, DISTRIBUTION, ETC. (IMPRINT)
Place of publication, distribution, etc New Delhi :
Name of publisher, distributor, etc Atlantic Publishers and Distributors,
Date of publication, distribution, etc 2025.
300 ## - PHYSICAL DESCRIPTION
Extent x, 149 p.; pbk
650 ## - SUBJECT ADDED ENTRY--TOPICAL TERM
Topical term or geographic name as entry element Essays
650 ## - SUBJECT ADDED ENTRY--TOPICAL TERM
Topical term or geographic name as entry element Guru Nanak
650 ## - SUBJECT ADDED ENTRY--TOPICAL TERM
Topical term or geographic name as entry element Sikh religion
942 ## - ADDED ENTRY ELEMENTS (KOHA)
Koha item type Text Books
Holdings
Withdrawn status Lost status Damaged status Not for loan Collection code Home library Location Shelving location Date of Cataloging Source of acquisition Total Checkouts Full call number Barcode Date last seen Price effective from Koha item type
        Non-fiction CUTN Central Library CUTN Central Library Religion 29/04/2026 Atlantic Publishers and Distributors, Chennai - Invoice No. 3013318 on 17-02-2026   294.5530 SIN 57307 29/04/2026 29/04/2026 Text Books